Statistics for NFL Stadiums That Haven't Changed Names in Ten Years

Click here to take the quiz!

General Stats

  • This quiz has been taken 16 times
  • The average score is 3 of 15

Answer Stats

Same Name SinceStadium% Correct
1964Lambeau Field
80%
1925Soldier Field
73%
1972Arrowhead Stadium
27%
2004Bank of America Stadium
20%
1999FedEx Field
20%
2002Gillette Stadium
20%
2003Lincoln Financial Field
20%
2001Heinz Field
13%
2008Lucas Oil Stadium
13%
2003M&T Bank Stadium
13%
2000Paul Brown Stadium
13%
1998Raymond James Stadium
13%
2002Ford Field
7%
1923*Los Angeles Memorial Coliseum
7%
2006University of Phoenix Stadium
0%

Score Distribution

Percentile by Number Answered

Percent of People with Each Score

Your Score History

You have not taken this quiz